000 00725nam a2200229Ia 4500
008 220216s9999 xx 000 0 und d
100 _aMondal G.C.
245 0 _aEvaluation of yield potential of Hevea clones in Assam
260 _bIn: Preprints of Papers. International Natural Rubber Conference, India 2005, 6-8 November 2005, Rubber Research Institute of India, Kottayam, Kerala, India, pp. 43-49.
_c2005
650 _aAgroclimate
650 _aAssam
650 _aClone evaluation
650 _aDry rubber content
650 _aVariability
700 _aChaudhuri D.
700 _aGohain T.
700 _aMandal D.
700 _aNair R.B.
700 _aNazeer M.A.
700 _aSingh R.P.
942 _cBS
999 _c52699
_d52699